000 00549nam a2200193Ia 4500
005 20250508163153.0
008 008 250505s9999 xx 000 0 hin d
037 _aTextual
040 _aFEDL
_beng
_cFEDL
041 _ahin
_2hin
084 _a370.1, CHO
_qFEDL
100 _aChobey Saryu Prashad
_9770224
245 0 _aPaschatya shakshik vichardhara
260 _aAllahabad, India
_bCentral Book Depot
_c1973
300 _a452p.
650 _aEducation - Philosophy
942 _cTEXL
_h370.1, CHO
999 _c1381282
_d1381282